Aventureros y proletarios: los emigrantes en Hispanoamérica

Uloženo v:
Podrobná bibliografie
Hlavní autoři: Mörner, Magnus (autor), Sims, Harold (Autor)
Médium: Kniha
Jazyk:španělština
Vydáno: Madrid MAPFRE 1992
Edice:Colección América 92, 11
Témata:
Tagy: Přidat tag
Žádné tagy, Buďte první, kdo vytvoří štítek k tomuto záznamu!

MARC

LEADER 00000nam a2200000 a 4500
001 UCX6965
003 CL-VaPUC
008 930902e19920000SP |||||||||||||||||spa|d
082 0 4 |a 980  |b MOR  |2 21 
100 |a Mörner, Magnus  |e autor  |9 323671 
700 0 |a Sims, Harold  |e author  |9 323672 
245 1 0 |a Aventureros y proletarios: los emigrantes en Hispanoamérica 
300 |a 220 p 
942 |c BK 
945 |d 19930902 00:00:00 
260 |a Madrid  |b MAPFRE  |c 1992 
650 7 |a EMIGRACION E INMIGRACION HISTORIA  |2 CL-VaPUC  |9 323513 
650 0 |a Asimilación cultural  |9 317065 
651 0 |a América Latina   |9 255027 
583 |a last modification  |c 19930902 00:00:00  |k Rodrigo Vera 
490 0 |a Colección América 92, 11 
999 |c 226895  |d 226893 
952 |0 0  |1 0  |4 0  |6 980_000000000000000_MOR_1992  |7 0  |8 A  |9 225550  |a BIBHIS  |b BIBHIS  |d 2019-11-15  |i 2942291  |o 980 MOR 1992  |p 2942291  |r 2025-01-20  |w 2019-11-15  |y BK  |k HIS